Green Marketing strategy for the sustainable development of Brick industry in Bangladesh / (Record no. 75482)
[ view plain ]
| 000 -LEADER | |
|---|---|
| fixed length control field | 01034ntm a2200265 a 4500 |
| 001 - CONTROL NUMBER | |
| control field | 75482 |
| 003 - CONTROL NUMBER IDENTIFIER | |
| rucl marc code | BD-RjUL |
| 005 - DATE AND TIME OF LATEST TRANSACTION | |
| control field | 20211209082710.0 |
| 008 - FIXED-LENGTH DATA ELEMENTS--GENERAL INFORMATION | |
| fixed length control field | 190415s2017 bg a|||| mb|| 00| 0 eng d |
| 035 ## - SYSTEM CONTROL NUMBER | |
| System control number | (BD-RjUL)75700 |
| 040 ## - CATALOGING SOURCE | |
| Original cataloging agency | BD-RjUL |
| Language of cataloging | eng |
| Transcribing agency | BD-RjUL |
| Modifying agency | BD-RjUL |
| 041 ## - LANGUAGE CODE | |
| Language code of text/sound track or separate title | eng |
| 082 ## - DEWEY DECIMAL CLASSIFICATION NUMBER | |
| Edition number | 23 |
| Classification number | 658.802 |
| Author mark and year | ABG 2017 |
| 100 1# - MAIN ENTRY--PERSONAL NAME | |
| Personal name | Abdolla-Al-Feroz |
| 9 (RLIN) | 230566 |
| 245 10 - TITLE STATEMENT | |
| Title | Green Marketing strategy for the sustainable development of Brick industry in Bangladesh / |
| Statement of responsibility, etc. | by Abdolla-Al-Feroz ; |
| Linkage | Suvervisor : Md. Salim Reza |
| 260 ## - PUBLICATION, DISTRIBUTION, ETC. (IMPRINT) | |
| Place of publication, distribution, etc. | Rajshahi: |
| Name of publisher, distributor, etc. | Institute of Environmental Science, R. U., |
| Date of publication, distribution, etc. | 2017 |
| 300 ## - PHYSICAL DESCRIPTION | |
| Pagination | xiv, 118 leaves: |
| Illustrations | Ill. ; |
| Size | 30 cm. |
| 502 ## - DISSERTATION NOTE | |
| Dissertation note | Thesis (Ph.D.) -- Institute of Environmental Science, R. U., 2017 |
| 504 ## - BIBLIOGRAPHY, ETC. NOTE | |
| Bibliography, etc | Refernces : leaves [107]-110 |
| 650 ## - SUBJECT ADDED ENTRY--TOPICAL TERM | |
| Topical term or geographic name as entry element | Green marketing |
| General subdivision | Management |
| 9 (RLIN) | 230567 |
| Topical term or geographic name as entry element | Industrial management |
| Form subdivision | Environmental aspects |
| 9 (RLIN) | 230568 |
| Topical term or geographic name as entry element | Product management |
| Form subdivision | Environmental aspects |
| 9 (RLIN) | 230569 |
| 700 ## - ADDED ENTRY--PERSONAL NAME | |
| Personal name | Reza, Md. Salim, Suvervisor |
| 942 ## - ADDED ENTRY ELEMENTS (KOHA) | |
| Source of classification or shelving scheme | Dewey Decimal Classification |
| Koha item type | Theses |
| Lost status | Source of classification or shelving scheme | Damaged status | Not for loan | Collection code | Permanent Location | Current Location | Shelving location | Date acquired | Source of acquisition | Total Checkouts | Full call number | Date last seen | Copy number | Koha item type |
|---|---|---|---|---|---|---|---|---|---|---|---|---|---|---|
| Dewey Decimal Classification | Not For Loan | Theses | Central Library, University of Rajshahi | Central Library, University of Rajshahi | Documentation Section | 31/03/2019 | Controller of Examination Office, R. U. | THE 658.802 ABG 2017 | 15/04/2019 | C-1 | Theses |